1613 1782 1187 1193 1096 1824 1032 1674 1901 1480 1269 1934 1346 1666 1466 1229 1121 1988 1391 1878 1081 1990 1296 1327 1132 1566 1675 1930 1176 1483 1713 1722 1724 1143 1889 1603 1724 1083 1255 1216 1219 1790 1282 1916 1315 1101 1111 1863 1531 1952 1027 1389 1146 1771 1885 1791 1770 1999 1299 1510 1313 1642 1434 1260 1510 1384 1766 1289 1247 1314 1047 1236 1685 1869 1149 1597 1991 1887 1743 1389 1358 1792 1548 1035 1141 1928 1455 1006 1399 1123 1254 1010 1959 1670 1044 1955 1833 1526 1827 BCNSPRNW ULIB Ver.6.0+V

เปลี่ยนเป็นภาษาไทย

Change to English
 แสดงรายละเอียดบรรณานุกรม
  กลับหน้าหลัก

Brief Record : Get Marc (ISO 2709) : E-mail record : QR code < ปิดหน้าต่าง
LEADER : 00000nam 2200000uu 4500
001    13399115254
003     ULIB
008    120808s2543||||th 000 0 tha d
020    ^a9742932212
060 04 ^aWA590^bย547ก 2543
245 00 ^aกระบวนการสุขศึกษากับการพัฒนาพฤติกรรมสุขภาพ :^bก้าวสู่ยุค2000 /^cโดย เยาวลักษณ์ อนุรักษ์ ... [และคนอื่นๆ]
250    ^aพิมพ์ครั้งที่ 1
260    ^aกรุงเทพฯ :^bซิกม่าดีไซน์กราฟฟิก,^c2543
300    ^a99 หน้า :^bภาพประกอบ ;^c29 ซม.
650  7 ^aการส่งเสริมสุขภาพ
650  7 ^aพฤติกรรมสุขภาพ
650  7 ^aสุขศึกษา
700 0  ^aเยาวลักษณ์ อนุรักษ์
945    ^p0^l0^i8674
945    ^p0^l0^i8675
995    ^aกัณชพร
999    ^aใช้งานได้ทุกระบบ
รายการนี้ยังไม่มีแท็ก
คุณยังไม่ได้ล็อกอิน คุณสามารถมีกิจกรรมร่วมกับเว็บไซต์ได้ แต่ต้องล็อกอินก่อน ::
  ล็อกอิน

รายการสื่อสารสนเทศ

ลำดับที่ ประเภท เลขเรียก/บาร์โค้ด สถานที่ สถานะ
- ไม่พบข้อมูล -

รายการใกล้เคียง
    หัวเรื่อง [การส่งเสริมสุขภาพ]
    หัวเรื่อง [พฤติกรรมสุขภาพ]
    หัวเรื่อง [สุขศึกษา]

BibComment


ยังไม่เคยถูกคอมเมนท์

คอมเมนท์ทรัพยากรรายการนี้
  คอมเมนท์: กระบวนการสุขศึกษ..


 Copyright 2026. Bcnsprnw @Library